| 000 | 00670nam a22002057a 4500 | ||
|---|---|---|---|
| 999 |
_c169512 _d169512 |
||
| 005 | 20191122110926.0 | ||
| 010 | _aENG-126976 | ||
| 020 |
_a9789389146042 _c250.00 |
||
| 035 | _aEN-110508 | ||
| 037 | _bDBAD/PUB | ||
| 082 | _a331.34 | ||
| 100 | _aGanesan, M.P | ||
| 245 |
_aNational service scheme : _cby M.P.Ganesan [and] M.Pandi _ban over-view / |
||
| 260 |
_aTamil Nadu _bShanlax Publications _c2019 |
||
| 270 |
_a61, 66 T.P.K. Main Road _bVasanta Nagar, Madurai _e625003 _k0452-4208765 _mpublisher@shanlaxpublication.com |
||
| 300 |
_a171p. _c21cm(pbk) |
||
| 500 | _aIncludes references | ||
| 700 | _aPandi, M. | ||
| 942 |
_2ddc _cEN _h331.34 _mGAN |
||